Welcome to the Holygrace Academy Library

Please use search bar below to get started

DRAGON MASTERS (Record no. 6615)

MARC details
000 -LEADER
fixed length control field 00580nam a22001457a 4500
020 ## - INTERNATIONAL STANDARD BOOK NUMBER
ISBN 978-93-5103-426-7
082 ## - DEWEY DECIMAL CLASSIFICATION NUMBER
Classification number 823
Item number WES/D
100 ## - MAIN ENTRY--AUTHOR NAME
Personal name WEST, TRACEY
245 ## - TITLE STATEMENT
Title DRAGON MASTERS
260 ## - PUBLICATION, DISTRIBUTION, ETC. (IMPRINT)
Place of publication NEW DELHI
Name of publisher SCHOLASTIC INC
Year of publication 2015
300 ## - PHYSICAL DESCRIPTION
Number of Pages 90
520 ## - SUMMARY, ETC.
Summary, etc What's the Story? In the DRAGON MASTERS series, a magical Dragon Stone chooses a few lucky kids to live at King Rowland's castle as dragon trainers, then carefully matches the right dragon to each trainer. But as the dragon masters discover, that match is just the beginning.
650 ## - SUBJECT ADDED ENTRY--TOPICAL TERM
Topical Term SHORT STORY
942 ## - ADDED ENTRY ELEMENTS (KOHA)
Koha item type Books
Holdings
Withdrawn status Lost status Collection code Home library Current library Shelving location Date acquired Source of acquisition Cost, normal purchase price Full call number Accession Number Koha item type
    Fiction Main Library Main Library SHELF 15-L-CHILDREN'S STORYBOOKS 19/03/2019 Purchase 150.00 823 WES/D 11123 Books